Les robots au cinéma (en images) - Statistiques

Statistiques générales
  • Ce quiz a été pris 218 fois
  • Le résultat moyen est 8 sur 16
Statistiques - réponses
Par images Réponse % Correct
WALL-E
97%
Star Wars
90%
Terminator
86%
Transformers
82%
RoboCop
79%
I, Robot
52%
Pacific Rim
49%
Le Géant de Fer
46%
Robots
41%
Le Robot sauvage
36%
Blade Runner
34%
Alien, le huitième passager
31%
Metropolis
26%
Le Château dans le ciel
24%
Ex machina
22%
Le Roi et l'Oiseau
13%
Aucun quiz correspondant
Distribution des résultats
% des personnes avec chaque résultat
Percentile par nombre de réponses
Votre historique - résultats
Vous n’avez pas pris ce quiz